[Event "45th Olympiad 2024"]
[Site "Budapest HUN"]
[Date "2024.09.14"]
[Round "4.48"]
[Board "1"]
[White "Ferreira, Jorge Viterbo"]
[Black "Gurner, Jem"]
[Result "1-0"]
[WhiteElo "2535"]
[BlackElo "2091"]
[PlyCount "107"]
[EventDate "2024.09.11"]
[WhiteTeam "Portugal"]
[BlackTeam "Jersey"]
[WhiteTeamCountry "POR"]

1. e4 c5 2. Nf3 d6 3. Bb5+ Bd7 4. Bxd7+ Qxd7 5. O-O Nc6 6. Re1 e6 7. d4 cxd4 8. Nxd4 Nf6 9. c4 Be7 10. Nc3 O-O 11. b3 a6 12. a4 ({RR} 12. Bb2 Rac8 13. Rc1 Rfd8 14. Nxc6 Qxc6 15. Qd4 Qc7 16. h3 h6 17. Red1 Qa5 18. Qd2 Qh5 19. Re1 Nd7 20. Ne2 Nc5 21. Ng3 Qg6 22. Rcd1 Bh4 23. Qf4 Bxg3 24. fxg3 e5 25. Qf3 b5 26. cxb5 axb5 {0-1 Zarubitski,V (2423)-Sjugirov,S (2705) Titled Tue 19th Sep Early 2023 (4)}) ({RR} 12. Bg5 Rac8 13. Rc1 Rfd8 14. Be3 Nxd4 15. Bxd4 Qc6 16. a4 Rd7 17. h3 e5 18. Be3 Nxe4 19. Nd5 Bd8 20. b4 Ra8 21. g4 Nf6 22. g5 Ne8 23. a5 f6 24. h4 Rf7 25. f4 fxg5 26. fxg5 g6 {0-1 Hudoba,O (2033)-Smetana,P (1900) ECo-C TCh-SVK 2023-24 (7.8)}) 12... Rfd8 13. Bb2 Qc7 14. Nf3 $146 ({RR} 14. Re3 Qb6 15. Rd3 Nd7 16. Nxe6 fxe6 17. Qg4 Qxb3 18. Nd1 Qxb2 19. Nxb2 Nc5 20. Rdd1 Bf6 21. Rab1 Ne5 22. Qe2 g5 23. a5 Rac8 24. h3 Nc6 25. Nd3 Na4 26. Rxb7 Nxa5 27. Rdb1 Nxb7 28. Rxb7 Rb8 {1-0 Wallner,J (2185)-Stoll,T (2280) Donau op Vienna 1998 (7)}) 14... Nd7 15. Rb1 Bf6 16. h3 Qa5 17. Re3 Nc5 18. Ne2 Bxb2 19. Rxb2 Nb4 20. Nc3 Rd7 21. Qd2 Qb6 22. Nh2 Rad8 23. Rg3 f6 24. Ng4 Kh8 25. Ne3 a5 26. Qd1 Qc6 27. Qb1 Ncd3 28. Rd2 Nf4 29. Rg4 Ng6 30. Nc2 Ne5 31. Rg3 Nxc2 32. Qxc2 Qc5 33. Qd1 Nc6 34. Kh2 Qe5 35. Qg4 Re8 36. f4 Qc5 37. Nb5 Ree7 38. Qd1 f5 39. Nxd6 fxe4 40. Nf7+ Rxf7 41. Rxd7 Qf5 42. Rxf7 Qxf7 43. Qd6 h5 44. Kg1 Ne7 45. Qb8+ Kh7 46. Qe5 Nf5 47. Qxe4 Qf6 48. Re3 h4 49. Kh2 Kh6 50. Re1 Qc3 51. Qxe6+ g6 52. Qe5 Qg3+ 53. Kh1 Ng7 54. Qg5+ 1-0

[Event "45th Olympiad 2024"]
[Site "Budapest HUN"]
[Date "2024.09.14"]
[Round "4.48"]
[Board "2"]
[White "Belzo, Krzysztof"]
[Black "Pereira, Ruben"]
[Result "0-1"]
[WhiteElo "2076"]
[BlackElo "2457"]
[PlyCount "62"]
[EventDate "2024.09.11"]
[WhiteTeam "Jersey"]
[BlackTeam "Portugal"]
[BlackTeamCountry "POR"]

1. d4 e6 2. Nf3 Nf6 3. g3 d5 4. Bg2 Be7 5. O-O ({RR} 5. b3 O-O 6. Bb2 c5 7. e3 Nc6 8. O-O b6 9. Nbd2 {½-½ Sedlak,N (2605)-Kovacevic,A (2554) Zadar op 14th 2007 (4)}) 5... Ne4 6. c4 f5 7. Ne5 $146 ({RR} 7. Bf4 Nd7 8. Nbd2 c6 9. Qc2 O-O 10. Rab1 Ndf6 11. b4 Nxd2 12. Nxd2 Bd6 13. Bxd6 Qxd6 14. b5 Bd7 15. bxc6 bxc6 16. Nf3 Rfc8 17. c5 Qc7 18. Rb3 Rcb8 19. Rfb1 Bc8 20. Ne5 Ba6 21. Bf1 Rxb3 {0-1 Stoica,S (1954)-Clarke,C (1691) Newcastle Northumbria Masters 2021 (7)}) ({RR} 7. b3 Bf6 8. Qc2 Nc6 9. Rd1 g5 10. Bb2 g4 11. Ne5 O-O 12. cxd5 exd5 13. Nxc6 bxc6 14. Qxc6 Rb8 15. Nc3 Bb7 16. Qa4 a6 17. e3 Re8 18. Rac1 c6 19. Ne2 Qe7 20. Nf4 a5 21. Nd3 Rec8 {0-1 Heydarli,K (2224)-Castaneda,J (2120) Titled Tue 5th Mar Late 2024 (1)}) 7... Nd7 8. Nxd7 Bxd7 9. Qb3 Bc6 10. Nd2 a5 11. Nf3 dxc4 12. Qxc4 Bd5 13. Qd3 O-O 14. Bf4 c5 15. b3 a4 16. Be3 Bf6 17. Rab1 b5 18. Ne5 Qd6 19. f3 cxd4 20. fxe4 fxe4 21. Bxe4 Bxe4 22. Qxe4 Qxe5 23. Qxe5 Bxe5 24. Bf4 Bf6 25. bxa4 Rxa4 26. Rxb5 Rxa2 27. Rf2 d3 28. Kg2 dxe2 29. Rb1 Bd4 30. Re1 Bxf2 31. Kxf2 e5 0-1

[Event "45th Olympiad 2024"]
[Site "Budapest HUN"]
[Date "2024.09.14"]
[Round "4.48"]
[Board "3"]
[White "Sousa, Andre Ventura"]
[Black "Mooney, Graham"]
[Result "1-0"]
[WhiteElo "2403"]
[BlackElo "1935"]
[PlyCount "75"]
[EventDate "2024.09.11"]
[WhiteTeam "Portugal"]
[BlackTeam "Jersey"]
[WhiteTeamCountry "POR"]

1. e4 c5 2. Nf3 d6 3. c3 Nf6 4. Be2 Nc6 5. d4 cxd4 6. cxd4 Nxe4 7. d5 Qa5+ 8. Nc3 Nxc3 9. bxc3 Ne5 10. Nxe5 dxe5 11. O-O Bd7 12. Rb1 ({RR} 12. Be3 g6 13. Rb1 b6 14. Bf3 Rc8 15. Bd2 Bg7 16. c4 Qc5 17. Bb4 Qxc4 18. d6 e6 19. Qd2 O-O 20. Rfc1 Qf4 21. Qe2 Rxc1+ 22. Rxc1 Qxc1+ {0-1 Kornyukov,A (2452)-Mesquita,E (1948) Titled Tue 6th Feb Early 2024 (9)}) 12... b6 13. c4 g6 ({RR} 13... e6 14. Bb2 f6 15. Bh5+ g6 16. Qf3 Bg7 17. dxe6 O-O 18. exd7 gxh5 19. Ba3 e4 20. Qb3 Rf7 21. Rfd1 Rd8 22. Rd5 Qa6 23. Rbd1 Bf8 24. Bxf8 Kxf8 25. a4 Qb7 26. Qa3+ Re7 27. Rd6 Kf7 28. Qb2 {1-0 Teterev,V (2530)-Smirnov,V (2383) BLR-ch Minsk 2009 (4)}) 14. Bb2 Bg7 $146 ({RR} 14... f6 15. Bg4 Qa4 16. Qxa4 Bxa4 17. Be6 Bh6 18. c5 bxc5 19. Ba3 Bd7 20. Rb7 Bxe6 21. dxe6 O-O 22. Bxc5 Rfb8 23. Rd7 Bf8 24. Rfd1 Re8 25. Bxa7 Rac8 26. a4 Rc6 27. a5 Rec8 28. Bb6 Rxe6 29. g3 {½-½ Ganaus,H (2260)-Bachmayer,J (2140) Donau op 06th 1997 (3)}) 15. f4 O-O 16. fxe5 Rad8 17. Qb3 Qd2 18. Rf2 Qg5 19. Qc3 Bf5 20. Rbf1 Bg4 21. Bxg4 Qxg4 22. h3 Qc8 23. Qd4 f5 24. Ba3 Rfe8 25. Kh1 e6 26. d6 Rd7 27. Rc1 Qa6 28. Bb2 Red8 29. c5 bxc5 30. Qxc5 Qxa2 31. Bc3 Qd5 32. Qe3 Rc8 33. Rfc2 Rc4 34. Qe2 Rc8 35. Bb2 Rxc2 36. Qxc2 Qb7 37. Ba1 Kf7 38. Qa4 1-0

[Event "45th Olympiad 2024"]
[Site "Budapest HUN"]
[Date "2024.09.14"]
[Round "4.48"]
[Board "4"]
[White "Forbes, Garry"]
[Black "Barria Santos, Jose Guilherme"]
[Result "0-1"]
[WhiteElo "1858"]
[BlackElo "2411"]
[PlyCount "92"]
[EventDate "2024.09.11"]
[WhiteTeam "Jersey"]
[BlackTeam "Portugal"]
[BlackTeamCountry "POR"]

1. c4 Nf6 2. g3 e5 3. Bg2 c6 4. Nf3 e4 5. Ng5 d5 6. cxd5 cxd5 7. O-O ({RR} 7. Nc3 Nc6 8. d3 exd3 9. exd3 Bc5 10. h3 O-O 11. O-O h6 12. Nf3 Be6 13. Be3 d4 14. Na4 Be7 15. Bd2 b5 16. Nxd4 Nxd4 17. Bxa8 Qxa8 18. Nc3 Bxh3 19. f3 Bxf1 20. Ne4 Bxd3 21. Bxh6 gxh6 {0-1 Dolderman,C-Fu,A (1528) Canadian Women Zonal 2024 (3.22)}) 7... h6 8. Nh3 Bf5 9. Kh1 $146 ({RR} 9. d3 Qd7 10. Nf4 g5 11. dxe4 Bxe4 12. Qd4 Bg7 13. Qe5+ Kf8 14. Bxe4 dxe4 15. Ng2 Nc6 16. Qc5+ Kg8 17. Nc3 Re8 18. Rd1 Qh3 19. Ne3 Ne5 20. Nf1 Nf3+ {0-1 Bielmeier,L (2005)-Huch,R (2286) Regionalliga SO 1011 2010 (4.2)}) ({RR} 9. d3 exd3 10. exd3 Be7 11. Nf4 g5 12. Ne2 Nc6 13. Be3 Qd7 14. Nd4 Bh3 15. Nc3 Bxg2 16. Kxg2 Ng4 17. Nxc6 Nxe3+ 18. fxe3 bxc6 19. Rc1 Rb8 20. b3 O-O 21. Qf3 f5 22. Ne2 Ba3 23. Rc2 Rf6 {½-½ Rantanen,V (2007)-Scrimgour,A (2083) EU-chT Seniors 65 2018 (6.2)}) 9... Qd7 10. Ng1 Nc6 11. d3 Bd6 12. dxe4 dxe4 13. Nc3 Qe6 14. Nb5 Be5 15. Bf4 Rd8 16. Qc1 Rc8 17. Bxe5 Qxe5 18. a4 a6 19. Nc3 O-O 20. Qf4 Qxf4 21. gxf4 Na5 22. e3 Nc4 23. Nge2 Rfe8 24. h3 Rc7 25. b4 Nb2 26. Kg1 g6 27. Rfb1 Nd3 28. b5 a5 29. b6 Rc5 30. Rb5 Rec8 31. Rxc5 Rxc5 32. Rb1 Kf8 33. Rb5 Bd7 34. Rxc5 Nxc5 35. Ng3 Bc6 36. Kf1 Ke7 37. Ke2 Nxa4 38. Nxa4 Bxa4 39. Nxe4 Bc6 40. f3 Nxe4 41. fxe4 Kd6 42. e5+ Kc5 43. Bxc6 Kxc6 44. e4 Kxb6 45. f5 gxf5 46. exf5 Kc6 0-1

[Event "45th Olympiad 2024"]
[Site "Budapest HUN"]
[Date "2024.09.14"]
[Round "4.49"]
[Board "1"]
[White "Keinanen, Toivo"]
[Black "Wu, Li"]
[Result "1/2-1/2"]
[WhiteElo "2554"]
[BlackElo "2325"]
[PlyCount "103"]
[EventDate "2024.09.11"]
[WhiteTeam "Finland"]
[BlackTeam "Isle of Man"]
[WhiteTeamCountry "FIN"]
[BlackTeamCountry "IOM"]

1. c4 e6 2. g3 d5 3. Bg2 d4 4. d3 c5 ({RR} 4... Nf6 5. Nd2 e5 6. b4 a5 7. Qa4+ Bd7 8. b5 Na6 9. Qd1 Nc5 10. a4 c6 11. Ba3 Rc8 12. Ngf3 Qc7 13. O-O Be7 14. e3 dxe3 15. fxe3 Nxd3 16. Bxe7 Kxe7 17. Ra3 Nc5 18. Qa1 Rhe8 19. Nxe5 {0-1 Da Silva De Sena,J (1867)-Piccoli,L (2263) 10th Floripa Open 2024 (2.26)}) ({RR} 4... Nf6 5. Nf3 Bb4+ 6. Nbd2 a5 7. Ne5 Nfd7 8. Nxd7 Qxd7 9. O-O Nc6 10. Qa4 Ra6 11. Nb3 O-O 12. a3 Be7 13. Bxc6 bxc6 14. Nxa5 e5 15. b4 Qh3 16. Qc2 c5 17. e4 f5 18. exf5 Rxf5 19. f3 {½-½ Keinanen,T (2522)-Akbas,U (2446) 34th Cracovia Open A 2023 (5.2)}) 5. e3 Nc6 ({RR} 5... Nf6 6. exd4 cxd4 7. a3 a5 8. Bg5 Nc6 9. Nd2 Be7 10. Ne2 O-O 11. O-O e5 12. Bxf6 Bxf6 13. Re1 h5 14. c5 Be7 15. Rc1 a4 16. Nc4 Be6 17. Bxc6 bxc6 18. Nxe5 Bg5 19. Nxc6 Qf6 20. f4 {1-0 Carlsen,M (2859)-Van Foreest,J (2690) World Rapid 2022 (6.1)}) 6. f4 $146 ({RR} 6. Bxc6+ bxc6 7. e4 h5 8. h3 Ne7 9. Ne2 Ng6 10. Kd2 h4 11. g4 Bd6 12. Kc2 f5 13. gxf5 exf5 14. Rg1 Qf6 15. Bg5 Qf7 16. Nd2 f4 17. Nf3 Bxh3 18. Qd2 Be6 19. e5 Nxe5 20. Nxe5 Bxe5 {1-0 Donchenko,A (2648)-Colpe,M (2362) GER-ch Net blitz qual5 2020 (8)}) 6... Qa5+ 7. Bd2 Qb6 8. Qb3 Bd6 9. Na3 Qxb3 10. axb3 dxe3 11. Bxe3 Nge7 12. Nb5 Kd7 13. Nf3 f6 14. O-O Nf5 15. Bf2 Rd8 16. Rfd1 a6 17. Nxd6 Kxd6 18. Nd2 Nfd4 19. Ne4+ Kc7 20. Nxc5 b6 21. Na4 Bb7 22. Re1 Rd6 23. c5 bxc5 24. Nxc5 e5 25. Rac1 Rc8 26. fxe5 fxe5 27. Bxd4 exd4 28. Nxb7 Kxb7 29. Re7+ Rc7 30. Rxc6 Rdxc6 31. Bxc6+ Kxc6 32. Rxc7+ Kxc7 33. Kf2 Kc6 34. Kf3 Kc5 35. Ke4 a5 36. Ke5 Kb4 37. Kxd4 Kxb3 38. Kc5 Kxb2 39. d4 a4 40. d5 a3 41. d6 a2 42. d7 a1=Q 43. d8=Q Qc1+ 44. Kd6 Qd2+ 45. Ke7 Qxh2 46. Qd4+ Kc2 47. Qxg7 Kd3 48. Qg5 Ke2 49. Kf7 Kf3 50. Kg7 Qxg3 51. Qxg3+ Kxg3 52. Kxh7 1/2-1/2

[Event "45th Olympiad 2024"]
[Site "Budapest HUN"]
[Date "2024.09.14"]
[Round "4.49"]
[Board "2"]
[White "Fabri, Henrik"]
[Black "Sipila, Vilka"]
[Result "0-1"]
[WhiteElo "1936"]
[BlackElo "2462"]
[PlyCount "58"]
[EventDate "2024.09.11"]
[WhiteTeam "Isle of Man"]
[BlackTeam "Finland"]
[WhiteTeamCountry "IOM"]
[BlackTeamCountry "FIN"]

1. e4 c5 2. c3 d5 3. exd5 Qxd5 4. d4 Nc6 5. Nf3 Nf6 6. Be2 cxd4 7. cxd4 e6 8. O-O Be7 9. Nc3 Qd6 10. a3 O-O 11. Re1 ({RR} 11. Nb5 Qd8 12. Bf4 Nd5 13. Bg3 b6 14. Bc4 Bb7 15. Bxd5 exd5 16. Re1 Qd7 17. Rc1 Rac8 18. Nc3 Rfe8 19. b4 Bf8 20. Qd2 f6 21. Rxe8 Rxe8 22. Nd1 a5 23. b5 Nd8 24. a4 Ne6 25. Ne3 Rc8 {0-1 Martinez Alcantara,J (2620)-Bocharov,D (2524) Titled Tuesday intern op 29th Sept blitz 2020 (4)}) ({RR} 11. Bg5 Rd8 12. Be3 b6 13. Rc1 Bb7 14. h3 Rac8 15. Qd2 Qb8 16. Rfd1 Na5 17. Qe1 Nc4 18. Bxc4 Rxc4 19. Ne5 Rcc8 20. Qe2 Qa8 21. f3 Nd5 22. Ne4 Nxe3 23. Qxe3 f6 24. Nd3 Rxc1 25. Rxc1 Rc8 {1-0 Hernandez,A (1976)-Hrebenshchykova,Y (2288) Swiss Queens Wed #9 2024 (6.156)}) 11... b6 12. h3 $146 ({RR} 12. Be3 Bb7 13. Bd3 Rac8 14. Qe2 Rfd8 15. Rad1 Qd7 16. Bb1 Qe8 17. Bg5 Nd5 18. Qe4 g6 19. Qh4 Qf8 20. Ba2 Nxc3 21. bxc3 h6 22. Bxe7 Nxe7 23. Ne5 Nf5 24. Qg4 Bd5 25. c4 Ba8 26. d5 exd5 {0-1 Turner,M (2400)-Sands,D (2235) London SCCU op 1995 (5)}) ({RR} 12. Nb5 Qd7 13. Bf4 Nd5 14. Ne5 Nxe5 15. Bxe5 Bb7 16. Rc1 a6 17. Nc7 Ra7 18. Nxd5 Bxd5 19. Rc3 b5 20. Rh3 f6 21. Bd3 f5 22. Qh5 Bf6 23. Qxh7+ Kf7 24. Bxf6 Kxf6 25. Rg3 Qe8 26. Bxf5 Rh8 {1-0 Pernutz,H (2270)-Heinbuch,D (2370) BL2-West 9394 1993 [4]}) 12... Bb7 13. Be3 Rac8 14. Rc1 Rfd8 15. b4 Bf8 16. Qd2 Qb8 17. Bf4 Qa8 18. Bf1 Ne7 19. Ne5 Nf5 20. Be3 a5 21. Rb1 Ne4 22. Nxe4 Bxe4 23. Rb2 Bd5 24. bxa5 Qxa5 25. Qxa5 bxa5 26. Ra1 Rc3 27. a4 Nxe3 28. fxe3 Rxe3 29. Rc1 Ba3 0-1

[Event "45th Olympiad 2024"]
[Site "Budapest HUN"]
[Date "2024.09.14"]
[Round "4.49"]
[Board "3"]
[White "Agopov, Mikael"]
[Black "Gumireddy, Sanjay"]
[Result "1-0"]
[WhiteElo "2451"]
[BlackElo "1907"]
[PlyCount "51"]
[EventDate "2024.09.11"]
[WhiteTeam "Finland"]
[BlackTeam "Isle of Man"]
[WhiteTeamCountry "FIN"]
[BlackTeamCountry "IOM"]

1. e4 d5 2. exd5 Nf6 3. d4 Nxd5 4. c4 Nb6 5. Nf3 g6 6. Nc3 Bg7 7. c5 Nd5 8. Bc4 Nxc3 9. bxc3 O-O 10. O-O c6 ({RR} 10... Nc6 11. Re1 Na5 12. Bd3 Bg4 13. h3 Bxf3 14. Qxf3 Qd7 15. Bf4 b6 16. c6 Qd8 17. Ba6 e6 18. Rad1 Re8 19. c4 Qe7 20. Qg3 Nxc6 21. Bb7 Nxd4 22. Bxa8 Rxa8 23. Bxc7 Rc8 24. Be5 Rxc4 25. Bxg7 {½-½ Arizmendi Martinez,J (2503)-Adianto,U (2572) Biel MTO op 2002 (6)}) 11. Re1 e6 $146 ({RR} 11... Nd7 12. Qe2 e6 13. Bf4 Nf6 14. Bd6 Re8 15. Ne5 Bf8 16. Bxf8 Kxf8 17. Qf3 Kg7 18. Re3 Rf8 19. Qf4 Nd5 20. Bxd5 exd5 21. Rae1 f6 22. Nf3 Rf7 23. Re8 Qd7 24. h4 h6 25. h5 g5 26. Qe3 {1-0 Das,S (2299)-Ojas,G (1919) IND-ch U15 New Delhi 2010 (5)}) ({RR} 11... Na6 12. Bg5 Bf6 13. Bh6 Bg7 14. Bg5 Bf6 15. Bh6 Bg7 16. Bxg7 Kxg7 17. Qe2 Nc7 18. Qe5+ Kg8 19. Qxe7 Be6 20. Qxd8 Raxd8 21. Bxe6 Nxe6 22. Rab1 Rd7 23. Ne5 Re7 24. Nc4 Rd8 25. Na5 Rdd7 26. g3 {1-0 Guerra Arrocha,D (2100)-Parsons,A (1746) Canarias-chT 2019 (2.4)}) ({RR} 11... b6 12. Bg5 Bf6 13. Bxf6 exf6 14. cxb6 axb6 15. Qd2 b5 16. Bb3 Kg7 17. a4 bxa4 18. Rxa4 Rxa4 19. Bxa4 Be6 20. Qc2 Qd5 21. Nd2 Nd7 22. Bb3 Qd6 23. Bxe6 fxe6 24. Nc4 Qd5 25. Ne3 Qd6 26. Nc4 {½-½ Steiner,A (2154)-Wadsack,W (2113) Niederoesterreich Landesliga 0910 2009 (9)}) 12. Ng5 b6 13. Ne4 Nd7 14. Bg5 Qc7 15. Be7 Re8 16. Bd6 Qd8 17. Qf3 bxc5 18. dxc5 Ne5 19. Bxe5 Bxe5 20. Rad1 Qe7 21. Nd6 Bxd6 22. cxd6 Qd7 23. h4 Kg7 24. h5 Bb7 25. h6+ Kxh6 26. Qf6 1-0

[Event "45th Olympiad 2024"]
[Site "Budapest HUN"]
[Date "2024.09.14"]
[Round "4.49"]
[Board "4"]
[White "Miah, Zahed"]
[Black "Wartiovaara, Oliver"]
[Result "0-1"]
[WhiteElo "1895"]
[BlackElo "2300"]
[PlyCount "40"]
[EventDate "2024.09.11"]
[WhiteTeam "Isle of Man"]
[BlackTeam "Finland"]
[WhiteTeamCountry "IOM"]
[BlackTeamCountry "FIN"]

1. d4 Nf6 2. c4 g6 3. Nc3 d5 4. Nf3 Bg7 5. Bf4 c5 6. e3 cxd4 7. Nxd4 O-O 8. Be2 Ne4 9. Nxe4 dxe4 10. Bg3 ({RR} 10. Nb5 Na6 11. Nc3 Be6 12. O-O Bxc3 13. bxc3 Rc8 14. Rb1 Qxd1 15. Rfxd1 Nc5 16. h4 h5 17. Be5 f6 18. Bd4 b6 19. a4 Nb7 20. c5 Nxc5 21. a5 bxa5 22. Rb5 Nb3 23. c4 a4 24. Rb4 Nc5 {0-1 Aghayev,N (2318)-Safarli,E (2620) Baku op 2012 (1)}) ({RR} 10. Bxb8 Rxb8 11. O-O Qb6 12. Nb3 Bxb2 13. Rb1 Bg7 14. Qc2 Qc7 15. Rbc1 f5 16. c5 Kh8 17. Rfd1 Bd7 18. Nd4 Rbd8 19. g3 Bc8 20. c6 Bxd4 21. exd4 Rf6 22. d5 b6 23. Rd2 Kg7 24. Rcd1 Kf8 {½-½ Xia,J (1819)-Xie Jianjun (2384) ch-CHN Personal GpB m 2024 (2.4)}) 10... Qa5+ 11. Qd2 Qxd2+ 12. Kxd2 e5 $146 ({RR} 12... Rd8 13. Bxb8 Rxb8 14. Kc3 Bd7 {½-½ Jepsen,T (2093)-Hartvig,O (2215) DEN-ch cand Helsingor 2012 (5)}) ({RR} 12... Rd8 13. Kc2 Bxd4 14. exd4 Rxd4 15. Kc3 Nc6 16. Rad1 e5 17. f4 exf3 18. Bxf3 Be6 19. b3 Rad8 20. Bf2 R4d7 21. Bh4 Rxd1 22. Rxd1 Rxd1 23. Bxd1 f5 24. Bf3 e4 25. Be2 Kf7 26. b4 h6 27. b5 {½-½ Nugmonov,D (1301)-Shapiyanov,A (1903) Sochi Amateur op 6th 2019 (2)}) 13. Nb5 Nc6 14. Rhd1 f5 15. Nc7 Rb8 16. Ke1 f4 17. Bh4 h6 18. f3 fxe3 19. Rd6 Nd4 20. Rc1 Nf5 0-1

[Event "45th Olympiad 2024"]
[Site "Budapest HUN"]
[Date "2024.09.14"]
[Round "4.50"]
[Board "1"]
[White "Gabriel, Davidson"]
[Black "Miguel, Sergio"]
[Result "0-1"]
[WhiteElo "2043"]
[BlackElo "2241"]
[PlyCount "124"]
[EventDate "2024.09.11"]
[WhiteTeam "Haiti"]
[BlackTeam "Angola"]
[WhiteTeamCountry "HAI"]
[BlackTeamCountry "ANG"]

1. d4 Nf6 2. c4 e6 3. Nf3 b6 4. g3 Bb7 5. Bg2 Be7 6. O-O O-O 7. Nc3 Na6 8. a3 Ne4 9. Nxe4 Bxe4 10. Qa4 Qc8 11. Ne5 Bxg2 12. Kxg2 c5 $146 ({RR} 12... Qb7+ 13. f3 c6 14. Be3 b5 15. Qb3 d6 16. Nd3 Nc7 17. Bf4 Rfd8 18. e4 Na6 19. Be3 Rd7 20. Rac1 Rb8 21. Rf2 h6 22. cxb5 cxb5 23. Rfc2 Bf8 24. Rc6 Rbd8 25. R6c2 Rb8 26. Rc6 Rbd8 27. R6c2 {½-½ Surya,W (2255)-Cao,S (2529) Jakarta Indonesia op 1st 2011 (4)}) ({RR} 12... Qb7+ 13. Kg1 c6 14. Be3 Rfc8 15. b4 b5 16. Qb3 d6 17. Nd3 bxc4 18. Qxc4 Nc7 19. Rfc1 Nd5 20. Bd2 Bf6 21. e3 h5 22. a4 h4 23. a5 Be7 24. Ra2 a6 25. Rac2 Nf6 26. f3 hxg3 27. hxg3 {0-1 Enkhtuul,A (2208)-Tiviakov,S (2591) Nakhchivan op 2016 (6)}) 13. d5 d6 14. Nc6 Bf6 15. e4 Re8 16. Bf4 Bxb2 17. Bxd6 Bxa1 18. Rxa1 exd5 19. exd5 Qd7 20. Bf4 Nb8 21. Bxb8 Rexb8 22. Qb3 Re8 23. Rd1 Re4 24. Qd3 Rae8 25. Rd2 h5 26. h3 Re1 27. Rd1 R1e2 28. Qf3 R2e4 29. Qxh5 g6 30. Qg5 Kg7 31. Qc1 Rh8 32. Rh1 f6 33. a4 Re2 34. Qd1 Ra2 35. Qb3 Re2 36. g4 Rhe8 37. Rd1 f5 38. Qc3+ Kh7 39. Qf3 fxg4 40. hxg4 R2e4 41. Rh1+ Kg8 42. Qh3 Qxg4+ 43. Qxg4 Rxg4+ 44. Kf3 Rxc4 45. Rd1 Rf8+ 46. Kg3 Re4 47. d6 Re6 48. Nxa7 Rd8 49. Nb5 Re4 50. a5 bxa5 51. Rc1 c4 52. f3 Re5 53. Na3 Rc5 54. Rxc4 Rxc4 55. Nxc4 a4 56. Kf4 Rxd6 57. Nxd6 a3 58. Kg5 Kh7 59. Ne4 a2 60. Nf6+ Kg7 61. Ne8+ Kf8 62. Nf6 Kf7 0-1

[Event "45th Olympiad 2024"]
[Site "Budapest HUN"]
[Date "2024.09.14"]
[Round "4.50"]
[Board "2"]
[White "Sapalo, Gabriel"]
[Black "Etienne, Angelo"]
[Result "0-1"]
[WhiteElo "2058"]
[BlackElo "2122"]
[PlyCount "123"]
[EventDate "2024.09.11"]
[WhiteTeam "Angola"]
[BlackTeam "Haiti"]
[WhiteTeamCountry "ANG"]
[BlackTeamCountry "HAI"]

1. Nf3 Nf6 2. c4 c5 3. g3 Nc6 4. Bg2 g6 5. Nc3 Bg7 6. O-O O-O 7. d3 d6 8. Rb1 Bf5 ({RR} 8... d5 9. cxd5 Nxd5 10. Nxd5 Qxd5 11. a3 Qa2 12. Be3 c4 13. Ng5 Rd8 14. Qa4 Bg4 15. Ra1 Qb3 16. Bxc6 bxc6 17. Qxb3 cxb3 18. f3 Bd7 19. Ne4 Bh3 20. Rfd1 Bf5 21. Nc5 h5 22. Nxb3 Rab8 23. Na5 {½-½ Rowson,J (2495)-Sutovsky,E (2575) Oxford GM-A 1998 (6)}) 9. h3 ({RR} 9. a3 a5 10. h3 Rb8 11. Be3 Ne8 12. Qd2 Nc7 13. Bh6 e5 14. Bxg7 Kxg7 15. Ne1 Qd7 16. Kh2 Be6 17. Nc2 d5 18. cxd5 Nxd5 19. Nxd5 Bxd5 20. Ne3 Bxg2 21. Kxg2 b6 22. Qc3 {½-½ Ciszewski,K (2090)-Frac,P (1907) TCh-POL 2nd League 2024 (9.11)}) 9... Qc8 $146 ({RR} 9... a6 10. Be3 Rb8 11. Qd2 b5 12. cxb5 axb5 13. Bh6 Qd7 14. Kh2 d5 15. Bxg7 Kxg7 16. e4 dxe4 17. dxe4 Qxd2 18. Nxd2 Be6 19. f4 Rfd8 20. Rbd1 Nd4 21. e5 Nd5 22. Nxd5 Bxd5 23. Bxd5 Rxd5 24. Ne4 {1-0 Gunnarsson,L-Siegbahn,P Stockholm Kristallen KM op 1995}) ({RR} 9... h5 10. a3 Nd7 11. Nd5 Na5 12. b4 Nxc4 13. e4 Bxh3 14. Bxh3 Nce5 15. Nxe5 Nxe5 16. bxc5 dxc5 17. Bg5 f6 18. Bf4 b6 19. Bxe5 fxe5 20. Qb3 Kh7 21. Qb5 Qd6 22. Rbd1 e6 23. Ne3 Bh6 24. Nc4 {1-0 Muhammad Izz,S-Pitijaroen,A ASEAN-ch6 U12 2005 (3)}) 10. Kh2 Bd7 11. Bd2 Rd8 12. a3 Ne5 13. Nxe5 dxe5 14. b4 cxb4 15. Rxb4 Bc6 16. f3 Nh5 17. Qc1 f5 18. Rd1 f4 19. g4 Ng3 20. Be1 Qc7 21. Qc2 Rac8 22. e4 h5 23. Bxg3 fxg3+ 24. Kxg3 Bh6 25. Ne2 h4+ 26. Kh2 Rd6 27. Bf1 Rf8 28. Kg2 Qa5 29. Qc3 Rdf6 30. Ng1 Be3 31. Be2 Bd4 32. Qc1 Bc5 33. Qb2 Qc7 34. Rf1 Qd6 35. Qc3 Rf4 36. Bd1 Qf6 37. Rb2 Qg5 38. Ra2 b6 39. Qe1 R4f6 40. f4 Rxf4 41. Nf3 Qf6 42. g5 Qd6 43. Be2 Bd7 44. Nxh4 Bf2 45. Rxf2 Rxf2+ 46. Qxf2 Bxh3+ 47. Kg3 Rxf2 48. Kxf2 Kg7 49. Kg3 Be6 50. Nf3 Qc5 51. a4 Qe3 52. Rc2 Bd7 53. Ra2 a5 54. Bf1 Qc1 55. Be2 Qb1 56. Rd2 Bxa4 57. d4 Qxe4 58. dxe5 Bc6 59. Kf2 a4 60. Rd4 Qf5 61. Ke3 a3 62. Rf4 0-1

[Event "45th Olympiad 2024"]
[Site "Budapest HUN"]
[Date "2024.09.14"]
[Round "4.50"]
[Board "3"]
[White "Victor, Wyclef"]
[Black "Silva, David"]
[Result "0-1"]
[WhiteElo "1924"]
[BlackElo "2363"]
[PlyCount "50"]
[EventDate "2024.09.11"]
[WhiteTeam "Haiti"]
[BlackTeam "Angola"]
[WhiteTeamCountry "HAI"]
[BlackTeamCountry "ANG"]

1. d4 Nf6 2. c4 g6 3. Nf3 Bg7 4. Nc3 O-O 5. e4 d6 6. Bd3 Bg4 7. Be3 Nc6 8. h3 Bxf3 9. Qxf3 Nd7 10. Ne2 Nde5 ({RR} 10... e5 11. d5 Ne7 12. g4 f5 13. gxf5 gxf5 14. exf5 e4 15. Bxe4 Ne5 16. Qh5 Qe8 17. Ng3 Nxc4 18. Rg1 Nxe3 19. fxe3 Rf6 20. O-O-O {1-0 Postny,E (2577)-Latorre,V (2166) Titled Tue 6th Aug Late 2024 (5)}) 11. dxe5 Nxe5 12. Qg3 Nxd3+ 13. Kf1 $146 ({RR} 13. Kd2 Nxb2 14. Rac1 c5 15. Nf4 Qa5+ 16. Ke2 Nxc4 17. Rhd1 Qxa2+ 18. Kf1 Nxe3+ 19. Qxe3 Bh6 20. g4 e5 21. Rxd6 Bxf4 22. Qxc5 Bxc1 23. Qxc1 Rac8 24. Qg5 Qb1+ 25. Kg2 Qxe4+ {0-1 Ioannides,M-Fuller,M Olympiad-16 Final D 1964 (6)}) ({RR} 13. Kd2 Nxb2 14. Rac1 c5 15. Nc3 Nxc4+ 16. Ke2 Nxe3 17. Qxe3 Qa5 18. Rhd1 Bxc3 19. Rxc3 Qxa2+ 20. Rd2 Qa6+ 21. Kf3 b5 {0-1 Lotzien,H (2167)-Florstedt,J (2087) SVM-ch 1011 Bad Godesberg 2011 (4)}) 13... Nxb2 14. Rc1 Qd7 15. h4 Nd3 16. Rd1 Ne5 17. h5 Qg4 18. hxg6 fxg6 19. Qh2 h5 20. Ke1 Qxe4 21. Ng3 Qxc4 22. Nxh5 gxh5 23. Qxh5 Nd3+ 24. Kd2 Bc3+ 25. Kc2 Nb4+ 0-1